header

Heavenly vaults (Record no. 122948)

MARC details
000 -LEADER
fixed length control field 01345nam a2200337 a 4500
082 04 - DEWEY DECIMAL CLASSIFICATION NUMBER
Classification number 721/.43094/0902
100 1# - MAIN ENTRY--AUTHOR NAME
Personal name Stephenson, David,
245 10 - TITLE STATEMENT
Title Heavenly vaults
250 ## - EDITION STATEMENT
Edition statement 1st ed.
260 ## - PUBLICATION, DISTRIBUTION, ETC. (IMPRINT)
Place of publication New York :
Name of publisher Princeton Architectural Press,
Year of publication c2009.
300 ## - PHYSICAL DESCRIPTION
Number of Pages 191 p. :
Other physical details col. ill.
650 #0 - SUBJECT ADDED ENTRY--TOPICAL TERM
Topical Term Architectural photography
Topical Term Photography of interiors
Topical Term Vaults (Architecture), Medieval
856 40 - ELECTRONIC LOCATION AND ACCESS
Uniform Resource Identifier http://site.ebrary.com/lib/rucke/Doc?id=10488629

No items available.

© 2026 Rongo University
Contact us: librarian | system librarian | Rongo university